000 06276cam a22018614i 4500
003 PE-LiUPU
005 20250813165708.0
008 150625s2007 mx a r 000 0 spa d
020 _a9701061535
020 _a9789701061534
035 _a(Sirsi) i9789701061534
040 _aPE-LiUPU
_bspa
_cPE-LiUPU
_dPE-LiUPU
_erda
049 _aPRUA
082 0 4 _a613.2
_bN98
_221
245 0 0 _aNutrición enteral y parenteral /
_ceditores, Humberto Arenas Márquez, Roberto Anaya Prado.
264 1 _aMexico :
_bMcGraw-Hill Interamericana Editores,
_c2007.
300 _a650 páginas :
_bilustraciones ;
_c27 centímetros
336 _atext
_2rdacontent
337 _aunmediated
_2rdamedia
338 _avolume
_2rdacarrier
505 0 _aHistoria de nutrición artificial -- Respuestas a la lesión -- Fisiopatología de los líquidos y electrólitos -- Metabolismo de los sustratos -- Principios básicos para determinar las necesidades de nutrientes -- Evaluación nutricional -- Composición corporal -- Fisiopatología de la desnutrición -- Proteínas en nutrición artificial -- Carbohidratos en nutrición artificial --Lípidos en nutrición artificial -- Oligoelementos en nutrición clínica -- Vitaminas, minerales y electrólitos en la nutrición artificial -- Interacciones de medicamentos y nutrientes en nutrición enteral - Inmunonutrición -- Biología molecular en nutrición -- Prebióticos y pro bióticos -- Tores del crecimiento y antioxidantes -- Factores del crecimiento y antioxidantes -- Sistemas de mezcla en nutrición parenteral -- Acceso venoso en nutrición parenteral a corto plazo --Nutrición parenteral a domicilio -- Complicaciones técnicas de la nutrición parenteral --Complicaciones metabólicas de la nutrición parenteral -- Complicaciones infecciosas de la nutrición parenteral -- Complicaciones de la nutrición enteral -- Apoyo nutricional en el paciente grave -- Apoyo nutricional en enfermedades cardíacas -- Apoyo nutricional en el paciente nefrópata -- Fístulas gastrointestinales -- Nutrición en traumatismo -- Apoyo nutricional en el paciente quemado -- Apoyo nutricional en pacientes con pancreatitis aguda --Nutrición en el paciente con problema neurológico -- Nutrición y cáncer -- Nutrición en sepsis abdominal -- Nutrición en trasplante de órganos -- Equipo nutricional -- Enseñanza de la nutrición para los médicos -- Educación en nutrición artificial -- Evaluación económica y nutrición -- Ética en nutrición artificial.
526 _aP203
526 _aP200
526 _aSEG65
526 _aSEG64
526 _aSEG63
526 _aSEG62
526 _aSEG61
526 _aSEG60
526 _aSEG59
526 _aSEG58
526 _aSEG57
526 _aSEG56
526 _aSEG55
526 _aSEG54
526 _aSEG53
526 _aSEG52
526 _aSEG51
526 _aSEG50
526 _aSEG49
526 _aSEG48
526 _aSEG47
526 _aSEG46
526 _aSEG24
526 _aSEG23
526 _aSEG22
526 _aSEG21
526 _aSEG20
526 _aSEG19
526 _aSEG18
526 _aSEG17
526 _aSEG16
526 _aSEG14
526 _aSEG13
526 _aSEG12
526 _aSEG11
526 _aSEG10
526 _aSEG09
526 _aSEG06
526 _aSEG05
526 _aSEG04
526 _aSEG03
526 _aSEG02
526 _aSEG68
526 _aSEG66
526 _aSEG45
526 _aSEG25
526 _aSEG01
526 _aP163
526 _aP162
526 _aP161
526 _aP160
526 _aP159
526 _aP158
526 _aP157
526 _aP156
526 _aP155
526 _aP154
526 _aP153
526 _aP152
526 _aP151
526 _aP150
526 _aP149
526 _aP142
526 _aP141
526 _aP140
526 _aP139
526 _aP138
526 _aP137
526 _aP132
526 _aP131
526 _aP130
526 _aP126
526 _aP125
526 _aP124
526 _aP123
526 _aP115
526 _aP122
526 _aP121
526 _aP116
526 _a P114
526 _aP112
526 _aP111
526 _aP104
526 _aP103
526 _aP102
526 _aP101
526 _aP100
526 _aP96
526 _aP95
526 _aP93
526 _aP92
526 _aP91
526 _aP88
526 _aP83
526 _aP82
526 _aP79
526 _aP78
526 _aP75
526 _aP74
526 _aP71
526 _aP69
526 _a P51
526 _aP49
526 _aP48
526 _aP47
526 _aP33
526 _aP31
526 _a P30
526 _aP29
526 _aP27
526 _aP26
526 _aP25
526 _aP24
526 _a P22
526 _aP10
526 _aP09
526 _a P08
526 _aP06
526 _aP05
526 _aP04
526 _aP01
541 _g001-003232;
541 _g015-0011197;
650 0 4 _aAlimentación enteral.
650 0 4 _aAlimentación parenteral.
_96551
650 0 4 _aAlimentación por sonda.
700 1 _aAnaya Prado, Roberto,
_eeditor.
700 1 _aArenas Marquez, Humberto,
_eeditor.
910 _bjv
_cng
_d20080623
942 _2ddc
_cBOOK
949 _a613.2 N98
_wDEWEY
_c1
_i58331
_lCCODEBUL1
_mBUL
_r0
_sY
_tBOOK
_u2015-6-25
_xSALUD
_PP31
_0COMPRA
_o.STAFF. Colección Ciencias de la Salud
949 _a613.2 N98
_wDEWEY
_c2
_i61166
_d2017-8-17
_e2017-8-17
_f2017-2-16
_g1
_lCCODEBUL1
_mBUL
_n7
_p51.00
_r0
_sY
_tBOOK
_u2015-6-25
_xSALUD
_PP22
_0COMPRA
_o.STAFF. Colección Ciencias de la Salud
994 _aC0
_bPEPRU
596 _a1
999 _a613.2 N98
_wDEWEY
_c47274
_i58331
_lLOST
_mBUL
_r1
_sN
_tBOOK
_u2015-6-25
_xSALUD
_PP31
_0COMPRA
_o.STAFF. Colección General
_d47274
999 _a613.2 N98
_wDEWEY
_c2
_i61166
_d2022-6-22
_e2018-11-21
_f2021-11-4
_g5
_lCCODEBUL1
_mBUL
_n13
_p51.00
_q8
_r0
_sY
_tBOOK
_u2015-6-25
_xSALUD
_zP22
_0COMPRA
_o.STAFF. Colección Ciencias de la Salud
980 _81
_gALBERTO SANCHEZ Responsable de Automatización